000 01143nam a22003497a 4500
001 000444
003 DO-SdBNP
005 20171108131735.0
007 000444
008 160830b 2011 sp ||||| |||| 00| 0 spa d
020 _a9788430608034
040 _aBPMSU
_bspa
_cBPMSU
041 _aspa
_hfre
082 4 _a300
_bM376c
100 1 _aMartel, Frédéric,
_d1967-
240 1 0 _aMainstream.
_lEspañol.
245 1 0 _aCultura Mainstream :
_bcómo nacen los fenómenos de masas /
_cFrédéric Martel ; traducción de Núria Petit Fontserè.
260 _aMadrid :
_bTaurus,
_c2011.
300 _a458 p. ;
_c24 cm.
490 1 _aPensamiento
500 _aIncluye datos biográficos del autor en la solapa de la cubierta
650 _aSOCIEDAD DE MASAS
650 4 _aCULTURA POPULAR
_xASPECTOS SOCIALES
650 4 _aCINE
_xASPECTOS SOCIALES
650 4 _aCONFORMIDAD (PSICOLOGÍA)
700 1 2 _aPetit Fontserè, Núria,
_etr.
830 0 _aPensamiento
910 _aValidado. Control de calidad MFF
942 _2ddc
_cBK
945 _a Inventariado extranjero / 2017 VM
956 _2LOPEREZ
_310
_620160830
_8BPMSU
_a00041
999 _c11219
_d11219